Paroles Amour Plastique de vidéoclub - Statistiques

Statistiques générales
  • Ce quiz a été pris 44 fois
  • Le résultat moyen est 144 sur 223
Statistiques - réponses
Réponse % Correct
je
97%
s'
97%
te
97%
à
94%
l'
91%
me
91%
dans
88%
de
88%
es
88%
mon
88%
tes
88%
ton
88%
amoureux
84%
la
84%
noie
84%
perds
84%
regard
84%
yeux
84%
esprit
81%
ma
81%
ne
81%
que
81%
tout
81%
peau
75%
vague
75%
divague
72%
sur
72%
le
69%
suis
69%
veux
69%
Roméo
66%
ame
63%
âme
63%
coeur
63%
divaguant
59%
et
59%
mes
59%
une
59%
souffle
56%
des
53%
femme
53%
fleur
53%
ombre
53%
ta
53%
corps
50%
lentement
50%
les
50%
nuit
50%
long
47%
pense
47%
qui
47%
aime
44%
coulent
44%
lancinant
44%
larmes
44%
nos
44%
quand
44%
toi
44%
joues
41%
jour
41%
moi
41%
41%
pleure
41%
regarde
41%
sombre
41%
tu
41%
ce
38%
est
38%
animé
34%
danser
34%
égaré
34%
en
34%
nom
34%
par
34%
tristes
34%
jusqu'à
31%
roses
31%
abattent
28%
âmes
28%
démons
28%
fanent
28%
pleurs
28%
poitrine
28%
rires
28%
animés
25%
avalanche
25%
perdue
25%
abîme
22%
fond
22%
sans
22%
baisers
19%
résonne
19%
sombrent
19%
effarée
16%
limbes
16%
profonds
16%
Aucun quiz correspondant
Distribution des résultats
% des personnes avec chaque résultat
Percentile par nombre de réponses
Votre historique - résultats
Vous n’avez pas pris ce quiz